1628 1117 1903 1952 1678 1132 1995 1340 1932 1924 1102 1509 1273 1202 1401 1017 1809 1420 1080 1502 1197 1174 1258 1013 1019 1432 1138 1843 1677 1209 1371 1105 1362 1892 1898 1200 1027 1287 1890 1475 1237 1030 1848 1787 1918 1602 1223 1469 1233 1027 1755 1227 1602 1067 1816 1400 1449 1429 1302 1822 1211 1508 1130 1019 1338 1496 1274 1876 1238 1368 1486 1107 1197 1231 1751 1719 1476 1397 1204 1971 1463 1637 1190 1614 1455 1482 1750 1876 1125 1446 1160 1839 1392 1243 1652 1140 1682 1854 1290 BCNSPRNW ULIB Ver.6.0+V

เปลี่ยนเป็นภาษาไทย

Change to English
 แสดงรายละเอียดบรรณานุกรม
  กลับหน้าหลัก

Brief Record : Get Marc (ISO 2709) : E-mail record : QR code < ปิดหน้าต่าง
LEADER : 00000nam 2200000uu 4500
001    13399111710
003     ULIB
008    110706s||||||||th 000 0 tha d
020    9786115311088
050 04 BQ4570^bศ675ธ มปป.
100 0  ศุภกร ธรรมชูวงศ์
245 10 ธรรมะชนะโรค /^cศุภกร ธรรมชูวงศ์
260    นนทบุรี :^bฟูลมูน,^cมปป.
300    127 หน้า :^bภาพประกอบ
650  7 ธรรมะ
650  7 โรค
650  7 มะเร็ง
945    ^p99^l0^i026720
995    ทศพร
999 ^a ใช้งานได้ทุกระบบ
รายการนี้ยังไม่มีแท็ก
คุณยังไม่ได้ล็อกอิน คุณสามารถมีกิจกรรมร่วมกับเว็บไซต์ได้ แต่ต้องล็อกอินก่อน ::
  ล็อกอิน

รายการสื่อสารสนเทศ

ลำดับที่ ประเภท เลขเรียก/บาร์โค้ด สถานที่ สถานะ
- ไม่พบข้อมูล -

รายการใกล้เคียง
    หัวเรื่อง [ธรรมะ]
    หัวเรื่อง [โรค]
    หัวเรื่อง [มะเร็ง]

BibComment


ยังไม่เคยถูกคอมเมนท์

คอมเมนท์ทรัพยากรรายการนี้
  คอมเมนท์: ธรรมะชนะโรค ศุภก..


 Copyright 2026. Bcnsprnw @Library